<?xml version="1.0" encoding="UTF-8"?>
<record
    xmlns:xsi="http://www.w3.org/2001/XMLSchema-instance"
    xsi:schemaLocation="http://www.loc.gov/MARC21/slim http://www.loc.gov/standards/marcxml/schema/MARC21slim.xsd"
    xmlns="http://www.loc.gov/MARC21/slim">

  <leader>00458nam a22001817a 4500</leader>
  <controlfield tag="003">OSt</controlfield>
  <controlfield tag="008">260112b        |||||||| |||| 00| 0 eng d</controlfield>
  <datafield tag="020" ind1=" " ind2=" ">
    <subfield code="a">9789349865778</subfield>
  </datafield>
  <datafield tag="082" ind1=" " ind2=" ">
    <subfield code="a">344.104 TIT</subfield>
  </datafield>
  <datafield tag="100" ind1=" " ind2=" ">
    <subfield code="a">Twari, O.P</subfield>
  </datafield>
  <datafield tag="245" ind1=" " ind2=" ">
    <subfield code="a">Testbook of Pharmacy Law and Ethics</subfield>
  </datafield>
  <datafield tag="260" ind1=" " ind2=" ">
    <subfield code="a">N.Delhi</subfield>
    <subfield code="b">Rudransh</subfield>
    <subfield code="c">2025</subfield>
  </datafield>
  <datafield tag="300" ind1=" " ind2=" ">
    <subfield code="a">xvii,185</subfield>
  </datafield>
  <datafield tag="650" ind1=" " ind2=" ">
    <subfield code="a">Pharmacy law and Eithics</subfield>
  </datafield>
  <datafield tag="700" ind1=" " ind2=" ">
    <subfield code="a">Ramandeep Singh</subfield>
  </datafield>
  <datafield tag="700" ind1=" " ind2=" ">
    <subfield code="a">Kaker &amp; Meheshwari</subfield>
  </datafield>
  <datafield tag="942" ind1=" " ind2=" ">
    <subfield code="2">ddc</subfield>
    <subfield code="c">BK</subfield>
  </datafield>
  <datafield tag="999" ind1=" " ind2=" ">
    <subfield code="c">13782</subfield>
    <subfield code="d">13782</subfield>
  </datafield>
  <datafield tag="952" ind1=" " ind2=" ">
    <subfield code="0">0</subfield>
    <subfield code="1">0</subfield>
    <subfield code="2">ddc</subfield>
    <subfield code="4">0</subfield>
    <subfield code="7">0</subfield>
    <subfield code="8">DP</subfield>
    <subfield code="a">PIET</subfield>
    <subfield code="b">PIET</subfield>
    <subfield code="d">2026-01-08</subfield>
    <subfield code="e">Zafaa Books Distributres</subfield>
    <subfield code="f">Indian Rup</subfield>
    <subfield code="g">315.00</subfield>
    <subfield code="k">ZBD0373</subfield>
    <subfield code="l">0</subfield>
    <subfield code="o">344.104 TIT</subfield>
    <subfield code="p">DP1503</subfield>
    <subfield code="r">2026-01-12 00:00:00</subfield>
    <subfield code="v">236.25</subfield>
    <subfield code="w">2026-01-04</subfield>
    <subfield code="y">REF</subfield>
  </datafield>
  <datafield tag="952" ind1=" " ind2=" ">
    <subfield code="0">0</subfield>
    <subfield code="1">0</subfield>
    <subfield code="2">ddc</subfield>
    <subfield code="4">0</subfield>
    <subfield code="7">0</subfield>
    <subfield code="8">DP</subfield>
    <subfield code="a">PIET</subfield>
    <subfield code="b">PIET</subfield>
    <subfield code="d">2026-01-08</subfield>
    <subfield code="e">Zafaa Books Distributres</subfield>
    <subfield code="f">Indian Rup</subfield>
    <subfield code="g">315.00</subfield>
    <subfield code="k">ZBD0373</subfield>
    <subfield code="l">3</subfield>
    <subfield code="o">344.104 TIT</subfield>
    <subfield code="p">DP1504</subfield>
    <subfield code="q">2026-06-16</subfield>
    <subfield code="r">2026-06-02 12:56:38</subfield>
    <subfield code="s">2026-06-02</subfield>
    <subfield code="v">236.25</subfield>
    <subfield code="w">2026-01-04</subfield>
    <subfield code="y">BK</subfield>
  </datafield>
  <datafield tag="952" ind1=" " ind2=" ">
    <subfield code="0">0</subfield>
    <subfield code="1">0</subfield>
    <subfield code="2">ddc</subfield>
    <subfield code="4">0</subfield>
    <subfield code="7">0</subfield>
    <subfield code="8">DP</subfield>
    <subfield code="a">PIET</subfield>
    <subfield code="b">PIET</subfield>
    <subfield code="d">2026-01-08</subfield>
    <subfield code="e">Zafaa Books Distributres</subfield>
    <subfield code="f">Indian Rup</subfield>
    <subfield code="g">315.00</subfield>
    <subfield code="k">ZBD0373</subfield>
    <subfield code="l">4</subfield>
    <subfield code="o">344.104 TIT</subfield>
    <subfield code="p">DP1505</subfield>
    <subfield code="q">2026-06-16</subfield>
    <subfield code="r">2026-06-02 12:59:22</subfield>
    <subfield code="s">2026-06-02</subfield>
    <subfield code="v">236.25</subfield>
    <subfield code="w">2026-01-04</subfield>
    <subfield code="y">BK</subfield>
  </datafield>
  <datafield tag="952" ind1=" " ind2=" ">
    <subfield code="0">0</subfield>
    <subfield code="1">0</subfield>
    <subfield code="2">ddc</subfield>
    <subfield code="4">0</subfield>
    <subfield code="7">0</subfield>
    <subfield code="8">DP</subfield>
    <subfield code="a">PIET</subfield>
    <subfield code="b">PIET</subfield>
    <subfield code="d">2026-01-08</subfield>
    <subfield code="e">Zafaa Books Distributres</subfield>
    <subfield code="f">Indian Rup</subfield>
    <subfield code="g">315.00</subfield>
    <subfield code="k">ZBD0373</subfield>
    <subfield code="l">2</subfield>
    <subfield code="o">344.104 TIT</subfield>
    <subfield code="p">DP1506</subfield>
    <subfield code="r">2026-05-29 13:12:35</subfield>
    <subfield code="s">2026-05-07</subfield>
    <subfield code="v">236.25</subfield>
    <subfield code="w">2026-01-04</subfield>
    <subfield code="y">BK</subfield>
  </datafield>
  <datafield tag="952" ind1=" " ind2=" ">
    <subfield code="0">0</subfield>
    <subfield code="1">0</subfield>
    <subfield code="2">ddc</subfield>
    <subfield code="4">0</subfield>
    <subfield code="7">0</subfield>
    <subfield code="8">DP</subfield>
    <subfield code="a">PIET</subfield>
    <subfield code="b">PIET</subfield>
    <subfield code="d">2026-01-08</subfield>
    <subfield code="e">Zafaa Books Distributres</subfield>
    <subfield code="f">Indian Rup</subfield>
    <subfield code="g">315.00</subfield>
    <subfield code="k">ZBD0373</subfield>
    <subfield code="l">3</subfield>
    <subfield code="o">344.104 TIT</subfield>
    <subfield code="p">DP1507</subfield>
    <subfield code="r">2026-05-28 15:47:11</subfield>
    <subfield code="s">2026-05-12</subfield>
    <subfield code="v">236.25</subfield>
    <subfield code="w">2026-01-04</subfield>
    <subfield code="y">BK</subfield>
  </datafield>
</record>
